Signal processing and linear systems (Record no. 1319)

000 -LEADER
fixed length control field 00543nam a2200205 a 4500
001 - CONTROL NUMBER
control field 1319
003 - CONTROL NUMBER IDENTIFIER
control field BD-DhUET
008 - FIXED-LENGTH DATA ELEMENTS--GENERAL INFORMATION
fixed length control field 980109s1998 caua b 001 0 eng
020 ## - INTERNATIONAL STANDARD BOOK NUMBER
International Standard Book Number 0941413357
040 ## - CATALOGING SOURCE
Original cataloging agency DLC
Transcribing agency DLC
Modifying agency BD-DhUET
082 00 - DEWEY DECIMAL CLASSIFICATION NUMBER
Classification number 623.22
Item number LAT/1998
100 ## - MAIN ENTRY--PERSONAL NAME
Personal name Lathi B. P.
245 10 - TITLE STATEMENT
Title Signal processing and linear systems
250 ## - EDITION STATEMENT
Edition statement 1st ed
260 ## - PUBLICATION, DISTRIBUTION, ETC. (IMPRINT)
Place of publication, distribution, etc. New York
Name of publisher, distributor, etc. Oxford University Press
Date of publication, distribution, etc. 1998
300 ## - PHYSICAL DESCRIPTION
Extent x, 850 p.
Other physical details ill.
Dimensions 24 cm.
504 ## - BIBLIOGRAPHY, ETC. NOTE
Bibliography, etc Includes bibliographies
650 #0 - SUBJECT ADDED ENTRY--TOPICAL TERM
Topical term or geographic name as entry element Digital signal processing
942 ## - ADDED ENTRY ELEMENTS (KOHA)
Koha item type General Book
Holdings
Koha full call number Source of classification or shelving scheme Copy number Shelving location Location (home branch) Withdrawn status Koha issues (times borrowed) Koha date last borrowed Lost status Koha item type Sublocation or collection (holding branch) Damaged status Not for loan Piece designation (barcode) Date acquired Price effective from Koha renewals Koha normalized classification for sorting Koha date last seen
623.22/LAT/1998 1Circulation sectionCentral Library, BUET    General BookCentral Library, BUET  1038562014-09-032014-09-032623_000000000000000_22LAT19982019-09-14
623.22/LAT/1998 2Circulation sectionCentral Library, BUET    General BookCentral Library, BUET  1038572014-09-032014-09-03 623_000000000000000_22LAT19982014-09-03
623.22/LAT/1998 3Circulation sectionCentral Library, BUET 12015-06-13 General BookCentral Library, BUET  1038592014-09-032014-09-03 623_220000000000000_LAT_19982017-08-19
623.22/LAT/1998 4Circulation sectionCentral Library, BUET 12015-10-20 General BookCentral Library, BUET  1038602014-09-032014-09-03 623_000000000000000_22LAT19982017-01-08
623.22/LAT/1998 5Circulation sectionCentral Library, BUET 12015-05-25 General BookCentral Library, BUET  1038632014-09-032014-09-03 623_000000000000000_22LAT19982017-04-11
623.22/LAT/1998 6Circulation sectionCentral Library, BUET 12015-05-25 General BookCentral Library, BUET  1038642014-09-032014-09-03 623_000000000000000_22LAT19982017-06-13
623.22/LAT/1998 7Circulation sectionCentral Library, BUET    General BookCentral Library, BUET  1038652014-09-032014-09-03 623_000000000000000_22LAT19982017-08-20
623.22/LAT/1998 8Circulation sectionCentral Library, BUET    General BookCentral Library, BUET  1038582014-11-182014-11-18 623_000000000000000_22LAT19982017-10-10
623.22 LAT/1998 9Circulation sectionCentral Library, BUET 12017-04-18 General BookCentral Library, BUET  1038612014-12-022014-12-02 623_220000000000000_LAT19982017-05-31
623.22/LAT/1998 10Circulation sectionCentral Library, BUET    General BookCentral Library, BUET  1000352015-06-032015-06-032623_220000000000000_LAT_19982017-02-06
623.22/LAT/1998 11Circulation sectionCentral Library, BUET 22025-09-07 General BookCentral Library, BUET  1038622007-05-282017-10-31 623_220000000000000_LAT_19982025-09-17